01862cam a22004097a 4500003000500000005001700005008004100022010001000063011001000073035001000083040000900093090001000102100003800112245021700150260004100367300001000408502007700418590003700495590004100532590004100573590004100614590004100655590004200696650003100738650003200769650003300801901000700834905002600841942000900867949005500876949005500931949004200986999001701028952014001045952014001185952012701325CHAP20220329142013.0990126d1998 mx r 00110 spa d a76925 a77897 a87668 cCHAP aTesis00aGarzón Solís, Liberio.94719413aEl período de siembra a cosecha en las características de germinados de calabaza (Cucurbita argyrosperma y Cucurbita pepo), alfalfa (Medicago sativa) y amaranto (Amaranthus spp)c/por Liberio Garzón Solís aChapingo, Méx. :bEl autor,c1998. a86 h. aTesis (Ing. Agr. Esp. en Fitotecnia) -- UACH. Departamento de Fitotecnia aALEPHb10c20130110lUCH01h1427 aBATCH-UPDb10c20130110lUCH01h0509 aBATCH-UPDb10c20130110lUCH01h2349 aBATCH-UPDb10c20130410lUCH01h0148 aBATCH-UPDb10c20130914lUCH01h0021 aCONVERSIONb10c20130109lUCH01h134214aAlfalfaxGerminados.9386814aAmarantoxGerminados.9512714aCalabazaxGerminados.917276 aBK aAlejandra Carrasco M. cFOLL bBCcTESd33724000710331eTS2fc.2h33477i87668si bBCcTESd33724000758686eTS2fc.3h35515i87668si bBCcTESd876681eTS1h33476i87668sb c76925d76925 00102local4053708TESISaBCbBCcPA_TESISd2019-12-31fTESISl0oTesisp33724000710331r2019-12-31 00:00:00tc.2w2019-12-31yTESIS 00102local4053708TESISaBCbBCcPA_TESISd2019-12-31fTESISl0oTesisp33724000758686r2019-12-31 00:00:00tc.3w2019-12-31yTESIS 00102local4051708TESISaBCbBCcPA_TESISd2019-12-31fTESISl0oTesisp876681r2019-12-31 00:00:00w2019-12-31yTESIS